Datum a čas kvízu
14.5
Celkem bodů
Celkový počet nahraných bodů na tomto kvízu bez doplňovacích otázek.
14.
Pořadí na kvízu
Konečné umístění týmu na tomto kvízu.
Zaznamenané odpovědi
| # | Otázka | Odpověď | Body | Výsledky |
|---|---|---|---|---|
| 1. | Uveďte název sociální sítě, kt... | Lidé (Lidé.cz) | 0 | |
| 2. | V médiích se minulý týden obje... | ze dřeva | 0 | |
| 3. | Minulý týden v pondělí skončil... | Neplecha ukončena | 0 | |
| 4. | Od středy začalo v České repub... | kratom | 1 | |
| 5. | Který bývalý slovenský hokejis... | Zdeno Chára | 0 | |
| 6. | U příležitosti 17. listopadu s... | Estonsko | 0 | |
| 7. | V říjnu 2025 zemřela italská p... | Erasmus | 0 | |
| 8. | Asi ještě máte v paměti, že po... | 2022 (o rok vedle za půl bodu) | 0.5 | |
| 9. | Za výrazné podpory evropských... | v Ostravě | 0 | |
| 10. | Prakticky v celé Evropě se v p... | C | 0 |